Volkskunst aus Guatemala (Record no. 10177)

MARC details
000 -CABECERA
campo de control de longitud fija 01054nam a2200265 a 4500
001 - NÚMERO DE CONTROL
campo de control BRL_1365
005 - FECHA Y HORA DE LA ÚLTIMA TRANSACCIÓN
campo de control 20190320211152.0
008 - DATOS DE LONGITUD FIJA--INFORMACIÓN GENERAL
campo de control de longitud fija 090114s1971----gw-ao#####---#000-0#ger-#
041 ## - CÓDIGO DE LENGUA
Código de lengua del texto/banda sonora o título independiente ger
044 ## - CÓDIGO DEL PAÍS DE LA ENTIDAD EDITORA/PRODUCTORA
Código MARC del país gw
050 #4 - SIGNATURA TOPOGRÁFICA DE LA BIBLIOTECA DEL CONGRESO
Número de clasificación NK856
Número de documento/Ítem .S73 1971
110 2# - ENTRADA PRINCIPAL--NOMBRE DE ENTIDAD CORPORATIVA
Nombre de entidad corporativa o nombre de jurisdicción como elemento de entrada Städtisches Museum für Völkerkunde, Frankfurt am Main
9 (RLIN) 25700
245 10 - MENCIÓN DE TÍTULO
Título Volkskunst aus Guatemala
Resto del título ausstellung des Städt. Museums für Völkerkunde und des Frobenius-Instituts, Frankfurt am Main : 3. bis 28. september 1971, Farbwerke Hoechst AG, Jahrhunderthalle, Frankfurt am Main-Höchst
Mención de responsabilidad, etc. Text: Karin Hahn-Hissink ; fotos: Gisela Simrock und Albert Hahn.
260 ## - PUBLICACIÓN, DISTRIBUCIÓN, ETC.
Lugar de publicación, distribución, etc. Frankfurt
Nombre del editor, distribuidor, etc. Museums für Völkerkunde
Fecha de publicación, distribución, etc. 1971
300 ## - DESCRIPCIÓN FÍSICA
Extensión 137
Otras características físicas il., mapas
Dimensiones 22 cm.
500 ## - NOTA GENERAL
Nota general Au1574
504 ## - NOTA DE BIBLIOGRAFÍA, ETC.
Nota de bibliografía, etc. Bibliografía: p. 136-137
650 14 - PUNTO DE ACCESO ADICIONAL DE MATERIA--TÉRMINO DE MATERIA
Término de materia o nombre geográfico como elemento de entrada Arte popular
Subdivisión geográfica Guatemala
9 (RLIN) 3708
650 14 - PUNTO DE ACCESO ADICIONAL DE MATERIA--TÉRMINO DE MATERIA
Término de materia o nombre geográfico como elemento de entrada Indumentaría
Subdivisión de forma Exposiciones
Subdivisión geográfica Guatemala
9 (RLIN) 26658
700 1# - PUNTO DE ACCESO ADICIONAL--NOMBRE DE PERSONA
Nombre de persona Hahn-Hissink, Karin
9 (RLIN) 26659
700 1# - PUNTO DE ACCESO ADICIONAL--NOMBRE DE PERSONA
Nombre de persona Simrock, Gisela
Término indicativo de función/relación il.
9 (RLIN) 26660
700 1# - PUNTO DE ACCESO ADICIONAL--NOMBRE DE PERSONA
Nombre de persona Hahn, Albert
Término indicativo de función/relación il.
9 (RLIN) 15899
902 ## - CATALOGADOR
Iniciales GRL
942 ## - ELEMENTOS DE PUNTO DE ACCESO ADICIONAL (KOHA)
Fuente del sistema de clasificación o colocación Library of Congress Classification
Tipo de ítem Koha Libros
Holdings
Estado de retiro Estado de pérdida Estado dañado No para préstamo Localización permanente Ubicación/localización actual Fecha de adquisición Número de inventario Total de préstamos Signatura topográfica completa Código de barras Fecha visto por última vez Precio válido a partir de Tipo de ítem Koha
El ejemplar forma parte de la colección y puede ser consultado según las políticas vigentes.       Biblioteca Centro de Estudios Ruth D. Lechuga Biblioteca Centro de Estudios Ruth D. Lechuga 09/01/2014 Au1574   NK856 .S73 1971 (Au1574) GRL01523 22/03/2019 22/03/2019 Libros